Thomas' calculus / (Record no. 39172)

MARC details
000 -LEADER
fixed length control field 01437cam a2200301 a 4500
001 - CONTROL NUMBER
control field 14529250
005 - DATE AND TIME OF LATEST TRANSACTION
control field 20081126134229.0
008 - FIXED-LENGTH DATA ELEMENTS--GENERAL INFORMATION
fixed length control field 060831s2008 maua 001 0 eng
010 ## - LIBRARY OF CONGRESS CONTROL NUMBER
LC control number 2006051369
020 ## - INTERNATIONAL STANDARD BOOK NUMBER
International Standard Book Number 032148987X
040 ## - CATALOGING SOURCE
Original cataloging agency DLC
Transcribing agency DLC
Modifying agency DLC
050 00 - LIBRARY OF CONGRESS CALL NUMBER
Classification number QA303.2
Item number .W45 2010
100 1# - MAIN ENTRY--PERSONAL NAME
Personal name Weir, Maurice D.
245 10 - TITLE STATEMENT
Title Thomas' calculus /
Statement of responsibility, etc based on the original work by George B. Thomas, Jr., as revised by Maurice D. Weir, Joel Haas, Frank R. Giordano.
250 ## - EDITION STATEMENT
Edition statement 12th ed.
260 ## - PUBLICATION, DISTRIBUTION, ETC. (IMPRINT)
Place of publication, distribution, etc Boston :
Name of publisher, distributor, etc Pearson Addison Wesley,
Date of publication, distribution, etc c2010.
300 ## - PHYSICAL DESCRIPTION
Extent 1 v. (various pagings) :
Other physical details ill. (some col.) ;
Dimensions 26 cm.
500 ## - GENERAL NOTE
General note Updated 10th ed. revised by Ross L. Finney, Maurice D. Weir, and Frank R. Giordano
500 ## - GENERAL NOTE
General note Includes index.
650 #0 - SUBJECT ADDED ENTRY--TOPICAL TERM
Topical term or geographic name as entry element Calculus
Form subdivision Textbooks.
700 1# - ADDED ENTRY--PERSONAL NAME
Personal name Hass, Joel.
700 1# - ADDED ENTRY--PERSONAL NAME
Personal name Thomas, George B.
Fuller form of name (George Brinton),
Dates associated with a name 1914-2006.
906 ## - LOCAL DATA ELEMENT F, LDF (RLIN)
a 7
b cbc
c orignew
d 1
e ocip
f 20
g y-gencatlg
942 ## - ADDED ENTRY ELEMENTS (KOHA)
Source of classification or shelving scheme Library of Congress Classification
Item type Book
Holdings
Withdrawn status Lost status Source of classification or shelving scheme Damaged status Not for loan Collection code Home library Current library Shelving location Date acquired Source of acquisition Total Checkouts Full call number Barcode Date last seen Date last borrowed Copy number Price effective from Koha item type Checked out
    Library of Congress Classification     Non-fiction Bishop Okullu Memorial Library (Limuru Campus) Bishop Okullu Memorial Library (Limuru Campus) General Circulation 06/09/2011 purchase 21 QA303.2 .W45 2010 027987 09/12/2023 29/11/2023 1 06/09/2011 Book  
    Library of Congress Classification     Non-fiction Nairobi Campus Bishop Okullu Memorial Library (Limuru Campus) General Circulation 06/09/2011 purchase 5 QA303.2 .W45 2010 027988 26/07/2012 26/07/2012 2 06/09/2011 Book 09/08/2012